Management I : career paths
Saved in:
| Main Authors: | , |
|---|---|
| Other Authors: | |
| Format: | Book |
| Language: | English |
| Published: |
Berkshire :
Express Publishing,
2013.
|
| Subjects: | |
| Tags: |
Add Tag
No Tags, Be the first to tag this record!
|
MARC
| LEADER | 00000cam a2200000 a 4500 | ||
|---|---|---|---|
| 001 | 1/115025 | ||
| 008 | 170925r20172013uk | ||| |||| ||eng|| | ||
| 020 | |a 9781471510717 |q (χαρτόδετο) | ||
| 040 | |a GR-MyUa |b gre |c GR-MyUa |e AACR2 | ||
| 041 | 0 | |a eng | |
| 082 | 7 | |a 428.24024658 |2 (23) | |
| 100 | 1 | |a Evans, Virginia, |d 1945- | |
| 245 | 1 | 0 | |a Management I : |b career paths / |c Virginia Evans, Jenny Dooley and Henry Brown. |
| 246 | 1 | |i Άλλες παραλλαγές του τίτλου: |a Career paths: |b Management I: student's book. | |
| 260 | |a Berkshire : |b Express Publishing, |c 2013. | ||
| 300 | |a 39 σ. : |b εικ. ; |c 30 εκ. | ||
| 500 | |a | ||
| 500 | |a Το Παράρτημα Βιβλιοθήκης Χίου διαθέτει την 1η έκδοση [4η ανατύπωση], 2017. | ||
| 650 | 0 | |a English language |x Textbooks for foreign speakers |x Management. | |
| 650 | 0 | |a English language |x Management. | |
| 700 | 1 | |a Dooley, Jenny. | |
| 700 | 1 | |a Brown, Henry, |e aut | |
| 852 | |a INST |b CHIOS |e 20170925 |h 428.24024658 EVA |p 005200038247 |q 005200038247 |t BK |y 0 | ||
| 852 | |a INST |b CHIOS |e 20170925 |h 428.24024658 EVA |p 005200038248 |q 005200038248 |t BK |y 4 |x 20201116 | ||
| 852 | |a INST |b CHIOS |e 20170925 |h 428.24024658 EVA |p 005200038249 |q 005200038249 |t BK |y 0 | ||
| 852 | |a INST |b CHIOS |e 20170925 |h 428.24024658 EVA |p 005200038250 |q 005200038250 |t BK |y 0 | ||
| 852 | |a INST |b CHIOS |e 20170925 |h 428.24024658 EVA |p 005200038251 |q 005200038251 |t BK |y 0 | ||
| 852 | |a INST |b CHIOS |e 20170925 |h 428.24024658 EVA |p 005200038252 |q 005200038252 |t BK |y 0 | ||
| 852 | |a INST |b CHIOS |e 20170925 |h 428.24024658 EVA |p 005200038253 |q 005200038253 |t BK |y 0 | ||
| 852 | |a INST |b CHIOS |e 20170925 |h 428.24024658 EVA |p 005200038254 |q 005200038254 |t BK |y 0 | ||
| 852 | |a INST |b CHIOS |e 20170925 |h 428.24024658 EVA |p 005200038276 |q 005200038276 |t BK |y 0 | ||
| 852 | |a INST |b CHIOS |e 20170925 |h 428.24024658 EVA |p 005200038277 |q 005200038277 |t BK |y 0 | ||
| 852 | |a INST |b CHIOS |e 20170925 |h 428.24024658 EVA |p 005200038278 |q 005200038278 |t BK |y 0 | ||
| 852 | |a INST |b CHIOS |e 20170925 |h 428.24024658 EVA |p 005200038279 |q 005200038279 |t BK |y 0 | ||
| 852 | |a INST |b CHIOS |e 20170925 |h 428.24024658 EVA |p 005200038280 |q 005200038280 |t BK |y 0 | ||
| 852 | |a INST |b CHIOS |e 20170925 |h 428.24024658 EVA |p 005200038281 |q 005200038281 |t BK |y 0 | ||
| 852 | |a INST |b CHIOS |e 20170925 |h 428.24024658 EVA |p 005200038282 |q 005200038282 |t BK |y 0 | ||
| 852 | |a INST |b CHIOS |e 20170925 |h 428.24024658 EVA |p 005200038283 |q 005200038283 |t BK |y 0 | ||
| 852 | |a INST |b CHIOS |e 20170925 |h 428.24024658 EVA |p 005200038284 |q 005200038284 |t BK |y 0 | ||
| 852 | |a INST |b CHIOS |e 20170925 |h 428.24024658 EVA |p 005200038285 |q 005200038285 |t BK |y 0 | ||
| 852 | |a INST |b CHIOS |e 20170925 |h 428.24024658 EVA |p 005200038286 |q 005200038286 |t BK |y 0 | ||
| 852 | |a INST |b CHIOS |e 20170925 |h 428.24024658 EVA |p 005200038287 |q 005200038287 |t BK |y 0 | ||
| 852 | |a INST |b CHIOS |e 20170925 |h 428.24024658 EVA |p 005200038288 |q 005200038288 |t BK |y 0 | ||
| 852 | |a INST |b CHIOS |e 20170925 |h 428.24024658 EVA |p 005200038289 |q 005200038289 |t BK |y 0 | ||
| 852 | |a INST |b CHIOS |e 20170925 |h 428.24024658 EVA |p 005200038290 |q 005200038290 |t BK |y 0 | ||
| 852 | |a INST |b CHIOS |e 20170925 |h 428.24024658 EVA |p 005200038291 |q 005200038291 |t BK |y 0 | ||
| 852 | |a INST |b CHIOS |e 20170925 |h 428.24024658 EVA |p 005200038292 |q 005200038292 |t BK |y 0 | ||
| 852 | |a INST |b CHIOS |e 20170925 |h 428.24024658 EVA |p 005200038293 |q 005200038293 |t BK |y 0 | ||
| 852 | |a INST |b CHIOS |e 20170925 |h 428.24024658 EVA |p 005200038294 |q 005200038294 |t BK |y 0 | ||
| 852 | |a INST |b CHIOS |e 20170925 |h 428.24024658 EVA |p 005200038295 |q 005200038295 |t BK |y 0 | ||
| 852 | |a INST |b CHIOS |e 20170925 |h 428.24024658 EVA |p 005200038296 |q 005200038296 |t BK |y 0 | ||
| 852 | |a INST |b CHIOS |e 20170925 |h 428.24024658 EVA |p 005200038297 |q 005200038297 |t BK |y 0 | ||
| 852 | |a INST |b CHIOS |e 20210607 |h 428.24024658 EVA |p 005200039686 |q 005200039686 |t BK |y 0 | ||
| 852 | |a INST |b CHIOS |c EUDOXUS |e 20180507 |h 428.24024658 EVA |p 005200037765 |q 005200037765 |t BK |y 0 | ||
| 852 | |a INST |b CHIOS |c EUDOXUS |e 20190122 |h 428.24024658 EVA |p 005200038640 |q 005200038640 |t BK |y 0 | ||
| 920 | |a Τμήμα Διοίκησης Επιχειρήσεων |y Χίος |z 2017-09 | ||
| 920 | |a Εύδοξος |b Επιστροφή |y Χίος |z 2018-05 | ||
| 920 | |a Εύδοξος |b Παραγγελία |y Χίος |z 2018-01 | ||
| 920 | |a Πιτροπάκης |b Νικόλαος |y Χίος |z 2021-06 | ||
| 970 | |a Σπέντζα |b Ελένη |z 25-09-2017 | ||